Romans d'Amélie Nothomb - 2025 - Statistiques

Statistiques générales
  • Ce quiz a été pris 9 fois
  • Le résultat moyen est 17 sur 33
Statistiques - réponses
Réponse % Correct
Stupeur et Tremblements
100%
Hygiène de l'assassin
75%
Métaphysique des tubes
75%
Acide sulfurique
63%
Biographie de la faim
63%
Le Sabotage amoureux
63%
Les Catilinaires
63%
Premier sang
63%
Psychopompe
63%
Robert des noms propres
63%
Antéchrista
50%
Attentat
50%
La Nostalgie heureuse
50%
Les prénoms épicènes
50%
L'Impossible retour
50%
Ni d'Eve ni d'Adam
50%
Péplum
50%
Pétronille
50%
Riquet à la houppe
50%
Tant mieux
50%
Tuer le père
50%
Barbe bleue
38%
Cosmétique de l'ennemi
38%
Frappe-toi le coeur
38%
Journal d'Hirondelle
38%
Le Crime du comte Neville
38%
Le Livre des soeurs
38%
Les aérostats
38%
Le Voyage d'hiver
38%
Mercure
38%
Soif
38%
Une forme de vie
38%
Le Fait du prince
25%
Aucun quiz correspondant
Distribution des résultats
% des personnes avec chaque résultat
Percentile par nombre de réponses
Votre historique - résultats
Vous n’avez pas pris ce quiz